The hill temple / (Record no. 164357)

MARC details
000 -LEADER
fixed length control field 00447nam a22001697a 4500
005 - DATE AND TIME OF LATEST TRANSACTION
control field 20190516154741.0
010 ## - LCCN (DPL NO)
LC control number B-088312
020 ## - INTERNATIONAL STANDARD BOOK NUMBER
International Standard Book Number 8126008148
Terms of availability 50.00
035 ## - SYSTEM CONTROL NUMBER
System control number B-088312
037 ## - SOURCE OF ACQUISITION
Source of stock number/acquisition Sahitya Akademi
082 ## - DEWEY DECIMAL CLASSIFICATION NUMBER
Classification number 873.1
100 ## - MAIN ENTRY--PERSONAL NAME
Personal name Narasimhachar, P.T.
245 ## - TITLE STATEMENT
Title The hill temple /
Statement of responsibility, etc P.T. Narasimhachar
260 ## - PUBLICATION, DISTRIBUTION, ETC. (IMPRINT)
Place of publication, distribution, etc New Delhi
Name of publisher, distributor, etc Sahitya Akademi
300 ## - PHYSICAL DESCRIPTION
Extent 53p.
Dimensions 22cm(pbk)
942 ## - ADDED ENTRY ELEMENTS (KOHA)
Source of classification or shelving scheme Dewey Decimal Classification
Item type English Books
Classification part 873.1
Call number suffix NAR
Holdings
Withdrawn status Lost status Not for loan Collection code Home library Current library Date acquired Full call number Barcode Koha item type
      Non-fiction Sarojini Nagar Sarojini Nagar 16/05/2019 873.1 NAR B-088312 English Books

© Delhi Public Library
Hit Counter
free hit counter